| 000 | 00840nam a2200253 a 4500 | ||
|---|---|---|---|
| 005 | 20240924070944.0 | ||
| 008 | 011204s2000 es r 000 0 spa d | ||
| 020 | _a844930914X | ||
| 035 | _aUPN01000114394 | ||
| 049 | _aCG | ||
| 050 | 4 |
_aJF1081 _bC3.2 |
|
| 100 | 1 |
_aCalsamiglia, Alberto, _d1949- |
|
| 245 | 1 | 0 |
_aCuestiones de lealtad : _blímites del liberalismo : corrupción, nacionalismo y multiculturalismo / _cAlbert Calsamiglia. |
| 260 |
_aBarcelona [Esp.] : _bPaidós, _c2000. |
||
| 300 | _a176 p. | ||
| 440 | 0 |
_aPaidós estudio y sociedada ; _v80 |
|
| 500 | _aBibliografía básica (BGTQ) | ||
| 500 | _aUn ejemplar se encuentra en el "Area de Reserva" | ||
| 650 | 4 |
_aCorrupción política _94369 |
|
| 650 | 4 |
_aLiberalismo _915125 |
|
| 650 | 4 |
_aDELITOS POLITICOS _910653 |
|
| 650 | 7 |
_aNacionalismo _2 _910025 |
|
| 905 | _aLibro | ||
| 999 |
_c88302 _d88302 |
||